000 01246 a2200253 4500
001 42319
005 20260407155713.0
008 260407a2016 arg spa d
003 AR-UNSa-BCEJYS
040 _aAR-UNSa-BCEJYS
_bspa
_cAR-UNSa-BCEJYS
080 _a336.226.111
_xImpuestos sobre ingresos totales (Ingresos brutos - Convenio Multilateral)
245 1 0 _aConvenio multilateral
020 _a978-987-01-1929-6
250 _a7a. ed.
264 1 _aBuenos Aires :
_bErrepar
_c2016
300 _axvii, 250 p.
_c27 cm.
505 _a1. Principales novedades 2014/2015 - 2. Ámbito de aplicación del convenio - 3. Régimen general y regímenes especiales - 4. Inicio, cese de actividades y cuestiones generales - 5. Sistemas aplicativos y declaraciones juradas - 6. Organismos de aplicación, procedimientos recursivos y protocolo adicional - 7. Artículo 35 - Tributos municipales - 8. Práctica integral - 9. Consultas frecuentes - 10. Cuestiones controvertidas - 11. Datos útiles
041 _aspa
942 _cBK
590 _aniveau_biblio:m niveau_hierar:0
100 1 _aBavera, M. Josefina
700 1 _aVanney, Carlos F.
856 4 1 _uhttps://biblioeco.unsa.edu.ar/pmb/images/libros/L126535.jpg
_yImagen de portada
_qimage/jpeg
999 _c3602
_d3602